| 000 | 00492nam a2200169Ia 4500 | ||
|---|---|---|---|
| 008 | 240729s9999 xx 000 0 und d | ||
| 022 | _a2822-4175 | ||
| 245 | 0 | _aDEPARCH Journal of Design Planning and Aesthetics Research | |
| 260 | _aTürkiye | ||
| 260 | _bSelçuk University | ||
| 650 | _a Architectural drawing and design | ||
| 650 | _a Architecture | ||
| 650 | _aFine Arts | ||
| 856 | _uhttps://doaj.org/toc/f25d77362a9c43868e5d54f8c2db8255 | ||
| 942 | _2ddc | ||
| 942 | _cDOAJEJ | ||
| 999 |
_c67507 _d67507 |
||
| 945 |
_a1 _bMadushi Gamage _c1 _dMadushi Gamage |
||